Con las carriolas vacías: la maternidad impedida y cuestionada. Mujeres calificadas como malas madres por el Estado /
Guardado en:
| Hovedforfatter: | |
|---|---|
| Format: | Texto |
| Tags: |
Tilføj Tag
Ingen Tags, Vær først til at tagge denne postø!
|
MARC
| LEADER | 00000 a a2200000 04500 | ||
|---|---|---|---|
| 001 | 47196 | ||
| 003 | |||
| 040 | |a CRAI/IIS |c CRAI/IIS | ||
| 100 | |a Carrillo Hernández, Edith | ||
| 245 | |a Con las carriolas vacías: |b la maternidad impedida y cuestionada. Mujeres calificadas como malas madres por el Estado / |c Edith Carrillo Hernández | ||
| 773 | |g número53, (2011), páginas 185-212 | ||
| 999 | |c 20023 |d 20023 | ||
